000 00534nam a22001691a 4500
003 NEGST
005 20110718132406.0
008 030613s 001 0 eng d
100 1 _aO'Leary, De Lacy.
245 1 0 _aColloquial Arabic :
_bwith notes on the vernacular speech of Egypt, Syria, and Mesopotamia... /
_cDe Lacy O'Leary.
_h[Text]
250 _a9th ed.
260 _aLondon
_bKegan Paul, Trench, Trubner
_c[1925]
300 _axviii, 192p.
590 _aAccession number: 19701
650 0 _aArabic language.
999 _c37079
_d37079